Nungshibi Greece (Record no. 289247)

MARC details
000 -LEADER
fixed length control field 00784nam a2200253Ia 4500
003 - CONTROL NUMBER IDENTIFIER
control field OSt
005 - DATE AND TIME OF LATEST TRANSACTION
control field 20220918230908.0
008 - FIXED-LENGTH DATA ELEMENTS--GENERAL INFORMATION
fixed length control field 220917b |||||||| |||| 00| 0 eng d
037 ## - SOURCE OF ACQUISITION
Terms of availability Textual
040 ## - CATALOGING SOURCE
Original cataloging agency ARTS
Transcribing agency ARTS
Language of cataloging eng
041 ## - LANGUAGE CODE
Source of code eng
Language code of text/sound track or separate title eng
100 ## - MAIN ENTRY--PERSONAL NAME
Personal name Saratchand Thiyam
9 (RLIN) 153476
245 #0 - TITLE STATEMENT
Title Nungshibi Greece
260 ## - PUBLICATION, DISTRIBUTION, ETC.
Place of publication, distribution, etc. Imphal
Name of publisher, distributor, etc. Poknapham Publications India
Date of publication, distribution, etc. 2010
300 ## - PHYSICAL DESCRIPTION
Extent 128p.
Dimensions cm.
650 ## - SUBJECT ADDED ENTRY--TOPICAL TERM
Topical term or geographic name entry element GEOGRAPHY; GEOGRAPHY
9 (RLIN) 153477
942 ## - ADDED ENTRY ELEMENTS (KOHA)
Classification part U8.26114, 446114Q0
Koha item type Textual
Source of classification or shelving scheme Colon Classification (CC)
Holdings
Withdrawn status Lost status Damaged status Not for loan Home library Current library Date acquired Source of acquisition Cost, normal purchase price Total Checkouts Full call number Barcode Date last seen Cost, replacement price Price effective from Koha item type
        Arts Library Arts Library 2022-09-18 2/6/91/WFI, 02/03/2012, Writiers' Forum,Imphal 150.00   U8.26114 446114Q0 AL1486774 2022-09-18 150.00 2022-09-18 Textual
Copyright @ Delhi University Library System